00427nam a2200145Ia 4500008004100000020001800041041000800059082001700067100001300084245013100097260001600228300000800244365001600252700001300268230718s9999 xx 000 0 und d a9781787129313 aeng a006.7'8bSET aSethi M. aCloud Native PythonbPractical Techniques To Build Apps That Dynamically Scale To Handle Any Volume Of Data, Traffic, or Users c2017bPackt a356 cRs.b999.00 aSethi M.